00533 2200217 4500001002100000005001500021035002000036007000300056008004100059020001800100082000800118084001400126100001700140245003900157250001100196260003400207300002400241650002100265856001300286990001600299INLIS00000000000442520221123110015 a0010-1122000099ta221123 0 ind  a9786237131557 a004 a004 BUD k0 aBudi Raharjo1 aKursus Mandiri PHP /cBudi Raharjo aCet. 1 aBandung :bInformatika,c2021 axxiv,592p. ;c25 cm aSistem Informasi akomputer a00000008590